Shakespeare or The Mighty Thor? Quiz Stats

 Plays Quiz Updated Mar 6, 2020

Support Sporcle.
Go Orange.
Score 0/30 Timer 07:00
1 Play Today
Quote (S)hakespeare or (T)hor? % Correct
O villain, villain, smiling, damned villain!???
65.8%
We are gods; 'tis our purpose to set aright the path of lesser beings.???
60.6%
Ill deeds are doubled with an evil word.???
59.8%
The law hath not been dead--though it hath slept.???
58%
The Casket of Ancient Winters has been broken, and all who live are imperiled.???
57.2%
Rumble thy bellyful! Spit, fire! Spout, rain!???
55.4%
Waves are but water. Wind but air. And though lightning be fire...yet it must answer thunder's call.???
55.2%
Thou worse-than-any-name, read thine own evil!???
54.8%
Hence, horrible villain! Or I'll spurn thine eyes like balls before me!???
54.4%
Bring him hither, and I'll be sworn I have power to shame him hence!???
52.9%
What should such fellows as I do, crawling between earth and heaven????
51%
There is no madness. There is only justice.???
50.7%
What profiteth a man to keep his throne, if he shall lose a universe????
50.6%
If the great gods be just, they shall assist the deeds of justest men.???
49.4%
Shall I destroy him? Whether there, or there, or there????
48.7%
Quote (S)hakespeare or (T)hor? % Correct
Come not between the dragon and his wrath.???
48.4%
Storms weather rock, given long enough.???
47.1%
If he wouldst fight as valiantly as he doth snore.???
46%
I say thee NAY!???
44.7%
Beyond yon spires, I behold a smoldering blaze. 'Tis there methinks the danger lies.???
44.2%
Flee, death! Flee and lick thy wounds, you who are not fit to utter my father's name!???
44.1%
A power I have, but of what strength and nature I am not yet instructed.???
41.7%
Where we do reign, we will alone uphold--without the assistance of a mortal hand.???
41.1%
The gods can have no mortal officer more like a god than you.???
40.5%
No more, thou thunder-master, show thy spite on mortal flies.???
39.4%
Though thou be truly pure of heart – in thine innocence, thou art fair misguided.???
38.2%
Though thy heart is gallantry itself... still art thou merely a woman!???
37.5%
Hast thou stolen from me thy dying words? Thy fatherly hand, thy fatherly smile????
37.1%
Evil hath e'er mistaken forbearance for weakness, peaceful intent for cowardice.???
34.9%
Methinks he hath a grim and troubled mien.???
33.5%

You're not logged in!

Compare scores with friends on all Sporcle quizzes.
OR
Log In

From the Vault

30 Second Anatomy of a Golf Course

by bhenderson79

If you play a bad round of golf, do you call it subpar?
Remove Ads.
Support Sporcle.
Get the best of Sporcle when you Go Orange. This ad-free experience offers more features, more stats, and more fun while also helping to support Sporcle. Thank you for becoming a member.

Show Comments

Extras

Top Quizzes Today


Score Distribution

Your Account Isn't Verified!

In order to create a playlist on Sporcle, you need to verify the email address you used during registration. Go to your Sporcle Settings to finish the process.

Report this User

Report this user for behavior that violates our Community Guidelines.

Details: